A Criticism of Mr. Ramanathan's 'Ethnology of the 'Moors' of Ceylon' (Record no. 1983)
[ view plain ]
| 000 -LEADER | |
|---|---|
| fixed length control field | 005920000a22001810004500 |
| 003 - CONTROL NUMBER IDENTIFIER | |
| control field | LK-CoMWRAF |
| 005 - DATE AND TIME OF LATEST TRANSACTION | |
| control field | 20231010105924.0 |
| 008 - FIXED-LENGTH DATA ELEMENTS--GENERAL INFORMATION | |
| fixed length control field | 230817t ||||| |||| 00| 0 eng d |
| 040 ## - CATALOGING SOURCE | |
| Original cataloging agency | LK-CoMWRAF |
| Modifying agency | LK-CoMWRAF |
| Description conventions | LK-CoMWRAF |
| 041 ## - LANGUAGE CODE | |
| Language code of text/sound track or separate title | English |
| 082 ## - DEWEY DECIMAL CLASSIFICATION NUMBER | |
| Classification number | 743 |
| Item number | AZE |
| 942 ## - ADDED ENTRY ELEMENTS (KOHA) | |
| Koha item type | Books |
| 100 ## - MAIN ENTRY--PERSONAL NAME | |
| Personal name | Azeez, I.L.M. Abdul |
| 245 ## - TITLE STATEMENT | |
| Title | A Criticism of Mr. Ramanathan's 'Ethnology of the 'Moors' of Ceylon' |
| 260 ## - PUBLICATION, DISTRIBUTION, ETC. (IMPRINT) | |
| Name of publisher, distributor, etc. | The Moors' Islamic Cultural Home Incorporated |
| Place of publication, distribution, etc. | Sri Lanka (Colombo 09) |
| Date of publication, distribution, etc. | 1957 |
| 300 ## - PHYSICAL DESCRIPTION | |
| Extent | p.61 |
| 650 ## - SUBJECT ADDED ENTRY--TOPICAL TERM | |
| Topical term or geographic name as entry element | A Criticism of Mr. Ramanathan's "Ethnology of the 'Moors' of Ceylon" |
| Withdrawn status | Lost status | Damaged status | Not for loan | Permanent Location | Current Location | Date acquired | Full call number | Barcode | Koha item type |
|---|---|---|---|---|---|---|---|---|---|
| Resource center, Muslim Women's Research And Action Forum | Resource center, Muslim Women's Research And Action Forum | 2023-10-10 | 743 AZE | RAF2223 | Books |

